Statistics for Countries of the World in 1500 with a Map

Click here to take the quiz!

General Stats

  • This quiz has been taken 5,803 times
  • The average score is 59 of 719

Answers on the Map

Answers color-coded by a green-red scale on the quiz's map according to % correct below.
 

Answer Stats

Countries% Correct
England
90%
Ming
89%
Muscovy
89%
Norway
89%
Portugal
89%
Sweden
89%
Ottoman Empire
88%
Scotland
87%
France
(Royal Domain)
84%
Holy Roman Empire
84%
Denmark
83%
Poland
81%
Joseon
78%
Mamluk Sultanate
78%
Hungary
76%
Inca Empire
75%
Ara
71%
Lithuania
71%
Aztec Empire
67%
Castile
67%
Naples
67%
Aragon
66%
Venice
66%
Ashikaga
65%
Brittany
65%
Papal States
65%
Ayutthaya
60%
Đại Việt
60%
Tunis
59%
Moro
58%
Morocco
58%
Oman
57%
Ethiopia
56%
Mali Empire
56%
Moldavia
56%
Phagmodrupa
56%
Andorra
55%
Crimea
55%
Yemen
54%
53%
Cambodia
50%
San Marino
49%
Genoa
47%
Wallachia
47%
Great Horde
41%
Ava
40%
Delhi
39%
Navarra
38%
Bengal Sultanate
35%
Teutonic Order
35%
Tlemcen
35%
Flanders
34%
Maldives
34%
Kazakh Khanate
32%
Brunei
31%
Livonian Order
31%
Order of St. John
31%
Mam
30%
Uzbek Khanate
30%
Benin Empire
29%
Hawai'i
28%
Riga
(Archbishopric)
28%
Riga
(City)
28%
Sōma
28%
Ragusa
27%
Timurid Empire
(Kabul)
27%
Munster
26%
Sine
25%
Timurid Empire
(Herat)
25%
Fijian Confederacies
24%
Timurid Empire
(Balkh)
24%
Banu Sulaym
23%
Iroquois
23%
Kazan
23%
Kongo
23%
Lo
23%
Songhai Empire
23%
Tu'i Tonga
23%
Zeta
23%
Aq Qoyunlu
22%
Kotte
22%
Kabardia
21%
Zichia
21%
Easter Island
20%
Gujarat
20%
Samoa
20%
Bologna
19%
Pskov
19%
Rwanda
19%
Perm
18%
Sibir
18%
Laighin
17%
Mazovia
17%
Nogai Horde
17%
Sindh
16%
Car
15%
Courland
15%
Majapahit
15%
Malacca
15%
Ryukyu
15%
Abkhazia
14%
Cham
13%
Ferrara
13%
Moghulistan
13%
Northern Yuan
13%
Ossetia
13%
Ryazan
13%
Uyghuristan
13%
Astrakhan
12%
Auvergne
12%
Kantipur
12%
Kashmir
12%
Maravi
12%
Marrakech
12%
Maui
12%
Mayo
12%
Oahu
12%
Oirat
12%
Tyrone
12%
Urbino
12%
Bamum
11%
Couto Misto
11%
Desmond
11%
Foix
11%
Vijayanagara Empire
11%
Bornu Empire
10%
Clanricarde
10%
Kandy
10%
Ramadanids
10%
Safavids
10%
Shirvan
10%
Sus and Tagmadert
10%
Adal
9%
Bourbon
9%
Can Pech
9%
Hormuz
9%
Kilwa
9%
Nevers
9%
Oda
9%
Ösel-Wiek
9%
Sligo
9%
Ancona
8%
Bahmani
8%
Cebu
8%
Imereti
8%
Kauai
8%
Kildare
8%
Lan Xang
8%
Westmeath
8%
Agadez
7%
Artois
7%
Buganda
7%
Dorpat
7%
Khundzia
7%
Orange
7%
Ormond
7%
Oyo
7%
Pajajaran
7%
Pegu
7%
Perugia
7%
Rimini
7%
Sama
7%
Swaziland
7%
Tah Itza
7%
Thomond
7%
Tlaxcala
7%
Tyrconnell
7%
Ajuran
6%
Alodia
6%
Amber
6%
Arakan
6%
Armagnac
6%
Dulkadir
6%
Kano
6%
Ladakh
6%
Malwa
6%
Mombasa
6%
Mutapa
6%
Offaly
6%
Béarn
5%
Cospaia
5%
Date
5%
Dhor
5%
Dotawo
5%
Lan Na
5%
Manipur
5%
Muisca
5%
Semien
5%
Twipra
5%
Uesugi
5%
Uí Maine
5%
Ahom
4%
Alençon
4%
Butua
4%
Cutch
4%
Forli
4%
Jaffna
4%
Jianzhou
4%
La Marche
4%
Limoges
4%
Mahra
4%
Marashiyan
4%
Marwar
4%
Molokai
4%
Narbonne
4%
Qasim
4%
Shimazu
4%
Takeda
4%
Tarascan
4%
Tidore
4%
Tondo
4%
Toungoo
4%
Warsangali
4%
Angoulême
3%
Berar
3%
Bijapur
3%
Bone
3%
Bone-Suwawa
3%
Bunyoro
3%
Butuan
3%
Clermont
3%
Colliman
3%
Fermanagh
3%
Gorkha
3%
Great Fulo
3%
Guria
3%
Haixi
3%
Hōjō
3%
Hosokawa
3%
Imagawa
3%
Jaisalmer
3%
Kaffa
3%
Kakheti
3%
Kara Del
3%
Kartli
3%
Luwu
3%
Makran
3%
Maore
3%
Medri Bahri
3%
Mingrelia
3%
Mōri
3%
Nemours
3%
Nupe
3%
Ōtomo
3%
Pasai
3%
Pesaro
3%
Prome
3%
Samtskhe
3%
Shiba
3%
Tarki
3%
Tétouan
3%
Yamana
3%
Zazzau
3%
Abazinia
2%
Ahmadnagar
2%
Airgíalla
2%
Albret
2%
Amago
2%
Ankole
2%
Argha
2%
Asakura
2%
Ashina
2%
Bastar
2%
Bidar
2%
Bikaner
2%
Bono
2%
Cagayan
2%
Cak-Aya
2%
Calotmul
2%
Camerino
2%
Ceh Pech
2%
Chefchaouen
2%
Cholul
2%
Chutia
2%
Cirebon
2%
Citta di Castello
2%
Clandeboye
2%
Coto
2%
Dagbon
2%
Demak
2%
Dhufar
2%
Diriyah
2%
East Breifne
2%
Faenza
2%
Fermo
2%
Forez
2%
Gajapati Empire
2%
Garha
2%
Garhwal
2%
Gorontalo
2%
Hatakeyama
2%
Hawwara
2%
Hsenwi
2%
Iwo
2%
Kaga
2%
Kale
2%
Kangra
2%
Karachay
2%
Kathiri
2%
Katsina
2%
Khandesh
2%
Kiche
2%
Kumaon
2%
Madja-as
2%
Managua
2%
Marién
2%
Matsudaira
2%
Mewat
2%
Mogami
2%
Monaghan
2%
Mongkawng
2%
Mongyang
2%
Nachank-Aya
2%
Nanbu
2%
Ngazidja Sultanates
2%
Nri
2%
O'Cahan
2%
Ōuchi
2%
Owo
2%
Pagaruyung
2%
Pangasinan
2%
Pate
2%
Patna
2%
Perche
2%
Périgord
2%
Pohnpei
2%
Poljica
2%
Quiatiu-Aya
2%
Rethel
2%
Rodez
2%
Satake
2%
Senarica
2%
Shilluk
2%
Shōni
2%
Sora
2%
Svaneti
2%
Teotitlán
2%
The Glens
2%
Toki
2%
Tonnerre
2%
Tutul Xiu
2%
Uvea
2%
Vendôme
2%
Waalo
2%
Welayta
2%
West Breifne
2%
Wogodogo
2%
Xalisco
2%
Acatic
1%
Acham
1%
Adabo
1%
Afrasiyab
1%
Afshar
1%
Agbor
1%
Agona
1%
Aguler
1%
Ah Canul
1%
Ah Kin Chel
1%
Ahuacatlán
1%
Aiduma
1%
Akajal
1%
Akhty
1%
Akure
1%
Akyem
1%
Alitta
1%
Alksar
1%
Alty
1%
Amapila
1%
Amaxocotlán
1%
Ambohidratrimo
1%
Amecan
1%
Amollan
1%
Antaifasy
1%
Antaimoro
1%
Antambahoaka
1%
Antanosy
1%
Atenquilitl
1%
Atiati
1%
Atinggola
1%
Autlán
1%
Ayahualican
1%
Aztatlán
1%
Bacan
1%
Badibu
1%
Baduspanids
1%
Bajhang
1%
Bajura
1%
Balkaria
1%
Bangphi
1%
Bani Khalid
1%
Bantaeng
1%
Baol
1%
Bhaktapur
1%
Bhamo
1%
Bhingri
1%
Bhirkot
1%
Biak
1%
Bigorre
1%
Binh Thuan
1%
Bintauna
1%
Biram
1%
Bocco Tallu
1%
Bolaang
1%
Buayan
1%
Bungku
1%
Burica
1%
Butwal
1%
Cackchiquel
1%
Caribaro
1%
Carpegna
1%
Cayor
1%
Cebo
1%
Ceguaco
1%
Centicpac
1%
Cerquin
1%
Chactumal
1%
Chakan
1%
Chákan Putum
1%
Chalchihuitl
1%
Chamba
1%
Chandelas
1%
Chandrapur
1%
Changuena
1%
Chapuli
1%
Chaudandi
1%
Cheriqui
1%
Chhili
1%
Chiametla
1%
Chiang Hung
1%
Chikinchel
1%
Chila
1%
Chiru
1%
Chorotega
1%
Chorti
1%
Coatzacoalcos
1%
Cochuah
1%
Coculla
1%
Coiba
1%
Coinán
1%
Colotlán
1%
Copala
1%
Copilco
1%
Cosala
1%
Cuauhcapolca
1%
Cubulco
1%
Culiacán
1%
Cupul
1%
Cutzallan
1%
Cuzcatlán
1%
Dailekh
1%
Dapitan
1%
Dawro
1%
Daya
1%
Debdou
1%
Dhurkot
1%
Diarra
1%
Didoya
1%
Diria
1%
Dizak
1%
Doti
1%
Dullu
1%
Dungarpur
1%
Durdzuki
1%
Dutse
1%
Dzuliunicob
1%
Ekab
1%
Eloxochitlán
1%
Escoria
1%
Esquegua
1%
Etzatlán
1%
Fada
1%
Fatagar
1%
Gajarkot
1%
Galkot
1%
Garabito
1%
Garabung
1%
Garo
1%
Ghiring
1%
Giri Kedaton
1%
Gowa
1%
Guachinango
1%
Guamar
1%
Guarco
1%
Gulistan
1%
Gulmi
1%
Gyaaman
1%
Hatorusan
1%
Higüey
1%
Hocaba
1%
Honma
1%
Huayacocotl
1%
Huejotzingo
1%
Huista
1%
Huitzíngarit
1%
Igorot
1%
Ijebu
1%
Iloko
1%
Ishaqvand
1%
Isma
1%
Iveagh
1%
Ixtapa
1%
Ixtlahuacán
1%
Izquintepeque
1%
Jailolo
1%
Jaintia
1%
Jajarkot
1%
Janjero
1%
Jehari
1%
Jraberd
1%
Jumla
1%
Kachar
1%
Kaidipang
1%
Kakongo
1%
Kalahandi
1%
Kamata
1%
Kanker
1%
Karakaitag
1%
Karauli
1%
Kar-Kiya
1%
Kaski
1%
Kauthara
1%
Khachen
1%
Khanchi
1%
Khasi
1%
Khungri
1%
Kikuchi
1%
Kitabatake
1%
Konawe
1%
Kororofa
1%
Kowiai
1%
Kowoj
1%
Kura
1%
Kurri-Kurri
1%
Kyōgoku
1%
Lamjung
1%
Lamuri
1%
Langgamonar
1%
Laur
1%
Limboto
1%
Lutao
1%
Magba
1%
Maguá
1%
Maguana
1%
Makwanpur
1%
Malneta
1%
Manado
1%
Managalang
1%
Manalaca
1%
Mankessim
1%
Manuwo
1%
Masaya
1%
Mboum
1%
Meggeo
1%
Mekongga
1%
Melahuacan
1%
Metzquititlán
1%
Metztitlán
1%
Mexticacan
1%
Mezquitlán
1%
Middag
1%
Minahasa
1%
Mistega
1%
Mita
1%
Mitic
1%
Mongkhun
1%
Monglem
1%
Mongmit
1%
Mongna
1%
Mongsanta
1%
Mongti
1%
Mongwan
1%
Moronene
1%
Moylurg
1%
Muna
1%
Musikot
1%
Naco
1%
Nagrando
1%
Nandalumi
1%
Nata
1%
Nayakot
1%
Nequecheri
1%
Ngoyo
1%
Nicoya
1%
Nochari
1%
Nochistlán
1%
Nsongo
1%
Ntem
1%
Nungu
1%
Nunusaku
1%
Nuwakot
1%
Nyani
1%
Nyumi
1%
O'Conor
1%
Ogasawara
1%
Ogwashi-Uku
1%
Okolo
1%
Olancho
1%
Onitsha
1%
Ota
1%
Pacaca
1%
Palo
1%
Palpa
1%
Pandaranga
1%
Panuco
1%
Papan-Toan
1%
Papayeca
1%
Parbat
1%
Parita
1%
Passokkorang
1%
Patan
1%
Peñól Blanco
1%
Piuthan
1%
Poin
1%
Pokomam
1%
Pokomchi
1%
Poncitlán
1%
Potonchan
1%
Pratapgarh
1%
Quepo
1%
Rabinaleb
1%
Raigama
1%
Rambati
1%
Rawis
1%
Rinpungpa
1%
Rishing
1%
Rizim
1%
Rokkaku
1%
Rukuni
1%
Rutul
1%
Ryūzōji
1%
Sahabe
1%
Sahulau
1%
Salianah
1%
Saloum
1%
Sanana
1%
San Diego
1%
San Salvador
1%
Sarahung
1%
Satomi
1%
Sattala
1%
Sawitto
1%
Selayar
1%
Senigallia
1%
Shaki
1%
Siang
1%
Siantar
1%
Sidenreng
1%
Sigi
1%
Sombrerete
1%
Sotuta
1%
Sovana
1%
Suket
1%
Sulaco
1%
Suppa
1%
Tabasaran
1%
Tabogá
1%
Tabulahan
1%
Tado
1%
Tahomi
1%
Tallo
1%
Tamactun
1%
Tanahun
1%
Tariaca
1%
Tauraba
1%
Tazes
1%
Tecpatitlán
1%
Tehuantepec
1%
Tenamaxtlán
1%
Tenkodogo
1%
Terarequi
1%
Terbi
1%
Tethbae
1%
Tetitlán
1%
Teulinchán
1%
Tezoatega
1%
Tirerril
1%
Tiworo
1%
Tlacuitlapán
1%
Tlaltenango
1%
Tobre
1%
Tomatlán
1%
Tonallan
1%
Toraja
1%
Tullyhaw
1%
Tulsipur
1%
Tunjur
1%
Turucaca
1%
Tutotepec
1%
Tututepec
1%
Tzapotzingo
1%
Tzutijil
1%
Uaymil
1%
Uí Briúin Seóla
1%
Urraca
1%
Uspantán
1%
Varanda
1%
Vijayapur
1%
Wandala
1%
Warri
1%
Wehali
1%
Wuli
1%
Xalostotitlán
1%
Xaragua
1%
Xecora
1%
Xicalango
1%
Xinca
1%
Xochipilan
1%
Xochitepec
1%
Yalain
1%
Yamanquex
1%
Yatenga
1%
Yauri
1%
Yopiltzinco
1%
Yuac
1%
Zacatula
1%
Zahuatan
1%
Zain
1%
Zamfara
1%
Zoquitlán
1%

Score Distribution

Percentile by Number Answered

Percent of People with Each Score

Your Score History

You have not taken this quiz